Chemical safety matters (Record no. 79304)

MARC details
000 -LEADER
fixed length control field 00990nam a2200229 a 4500
008 - FIXED-LENGTH DATA ELEMENTS--GENERAL INFORMATION
fixed length control field 120416s1992 ||||||||||||||||| || u
020 ## - INTERNATIONAL STANDARD BOOK NUMBER
International Standard Book Number 0521413753
050 ## - LIBRARY OF CONGRESS CALL NUMBER
Classification number QD 51 Che
100 ## - MAIN ENTRY--PERSONAL NAME
Personal name Bach, P. H. (Peter H.)
245 10 - TITLE STATEMENT
Title Chemical safety matters
260 ## - PUBLICATION, DISTRIBUTION, ETC.
Place of publication, distribution, etc. Cambridge:
Name of publisher, distributor, etc. Cambridge University Press
Date of publication, distribution, etc. 1992
300 ## - PHYSICAL DESCRIPTION
Extent xviii, 284p. : ill.
350 ## -
-- 0.00
500 ## - GENERAL NOTE
General note Bibliography
650 ## - SUBJECT ADDED ENTRY--TOPICAL TERM
Topical term or geographic name entry element CHEMICAL LABORATORIES--WASTE DISPOSAL
650 ## - SUBJECT ADDED ENTRY--TOPICAL TERM
Topical term or geographic name entry element CHEMICAL LABORATORIES--SAFETY MEASURES
650 #0 - SUBJECT ADDED ENTRY--TOPICAL TERM
Topical term or geographic name entry element CHEMISTRY--HANDBOOKS, MANUALS, ETC
710 ## - ADDED ENTRY--CORPORATE NAME
Corporate name or jurisdiction name as entry element International Union of Pure and Applied Chemistry
710 ## - ADDED ENTRY--CORPORATE NAME
Corporate name or jurisdiction name as entry element International Program on Chemical Safety
995 ## -
-- ANNEX COLLECTION (Main Library)
-- 0.00
-- 726386
-- CBU-MAIN LIBRARY (Kitwe)
-- 1
-- 19.95
-- QD 51 Che
-- 1
-- AVAILABLE
-- 020306
-- Annex Low-Usage Collection
995 ## -
-- ANNEX COLLECTION (Main Library)
-- 0.00
-- 726385
-- CBU-MAIN LIBRARY (Kitwe)
-- 2
-- 19.95
-- QD 51 Che
-- 2
-- AVAILABLE
-- 020315
-- Annex Low-Usage Collection
999 ## -
-- 79304
-- 79304

No items available.